El mercado común europeo / (Record no. 65021)

MARC details
000 -LEADER
campo de control de longitud fija 00818nam a2200241 i 4500
001 - NÚMERO DE CONTROL
campo de control 65021
003 - IDENTIFICADOR DE NÚMERO DE CONTROL
campo de control ES-MaACL
005 - FECHA Y HORA DE LA ÚLTIMA TRANSACCIÓN
campo de control 20230906165300.0
007 - CAMPO FIJO DE DESCRIPCIÓN FÍSICA--INFORMACIÓN GENERAL
campo de control de longitud fija t|
008 - DATOS DE LONGITUD FIJA--INFORMACIÓN GENERAL
campo de control de longitud fija 040108s1963 sp ||||1| spa d
100 1# - ENTRADA PRINCIPAL--NOMBRE DE PERSONA
Nombre de persona Frank, Isaiah.
9 (RLIN) 52305
245 13 - MENCIÓN DEL TÍTULO
Título El mercado común europeo /
Mención de responsabilidad, etc. Isaiah Frank ; prólogo y supervisión por Salvador Millet y Bel ; [traducción de Conrado Niell Sureda].
260 ## - PUBLICACIÓN, DISTRIBUCIÓN, ETC.
Lugar de publicación, distribución, etc. Barcelona :
Nombre del editor, distribuidor, etc. Ed. Hispano Europea,
Fecha de publicación, distribución, etc. [1963]
300 ## - DESCRIPCIÓN FÍSICA
Extensión XV, 372 p. ;
Dimensiones 24 cm.
490 1# - MENCIÓN DE SERIE
Mención de serie Galileo
500 ## - NOTA GENERAL
Nota general Precede al tít.: Instituto de Estudios Europeos.
700 1# - ENTRADA AGREGADA--NOMBRE PERSONAL
Nombre de persona Niell Sureda, Conrado.
9 (RLIN) 85634
700 1# - ENTRADA AGREGADA--NOMBRE PERSONAL
Nombre de persona Millet y Bel, Salvador.
9 (RLIN) 81252
710 2# - ENTRADA AGREGADA--NOMBRE DE ENTIDAD CORPORATIVA
Nombre de entidad corporativa o nombre de jurisdicción como elemento de entrada Instituto de Estudios Europeos.
9 (RLIN) 4900
830 0# - PUNTO DE ACCESO ADICIONAL DE SERIE-TÍTULO UNIFORME
Título uniforme Galileo
9 (RLIN) 182278
852 ## - LOCALIZACIÓN
Ubicación ES-MaACL
Número de control de estantería C-22914
Sublocalización o colección R.51641
Holdings
Estatus retirado Estado de pérdida Estado de daño No para préstamo Biblioteca de origen Biblioteca actual Ubicación en estantería Fecha de adquisición Fuente de adquisición Total de préstamos Signatura topográfica completa Código de barras Visto por última vez Precio de reemplazo Tipo de ítem Koha
        Biblioteca del Ateneo de Madrid Biblioteca del Ateneo de Madrid Depósito 2 17/01/2008     C-22914 1068126 23/02/2023 23/02/2023 Libro impreso